[Event "KIA is it really a store?"]
[Site "SchemingMind.com"]
[Date "2005.07.09"]
[Round "-"]
[White "twotone"]
[Black "Aumonde"]
[Result "0-1"]
[WhiteCountry "ENG"]
[BlackCountry "USA"]
[WhiteElo "1427"]
[WhiteRD "71"]
[BlackElo "2080"]
[BlackRD "75"]
[GameID "19315"]

1. Nf3 d5 2. g3 c6 3. d4 Bf5 4. Nh4 Bg4 5. f3 Bd7 6. e4 e6 7. Bd3 c5 8. c3 cxd4 9. cxd4 Nc6 10. Be3 Qb6
11. b3 Nxd4 12. O-O Bc5 13. Re1 Nxb3 14. Bxc5 Nxc5 15. Kh1 Qb2 16. Qc2 Nxd3 17. Qxb2 Nxb2 18. exd5 O-O-O 19. Nc3 Nf6 20. Rac1 Nd3
21. Nb5+ Nxc1 22. Rxc1+ Kb8 23. Nc7 exd5 24. Nf5 Bxf5 25. g4 Nxg4 26. fxg4 Be4+ 27. Kg1 Rc8 28. Kf2 Rxc7 29. Ra1 Rhc8 30. a4 Rc2+
31. Kg3 g5 32. Rg1 R8c3#
0-1

[Event "KIA is it really a store?"]
[Site "SchemingMind.com"]
[Date "2005.07.08"]
[Round "-"]
[White "Aumonde"]
[Black "twotone"]
[Result "1-0"]
[WhiteCountry "USA"]
[BlackCountry "ENG"]
[WhiteElo "2080"]
[WhiteRD "75"]
[BlackElo "1427"]
[BlackRD "71"]
[GameID "19316"]

1. Nf3 d5 2. g3 Nc6 3. d4 e6 4. Bg2 Nf6 5. O-O Be7 6. Nc3 O-O 7. Bf4 a6 8. Qd2 Nh5 9. Bg5 f6 10. Be3 e5
11. dxe5 d4 12. Nxd4 Nxe5 13. f4 Nc4 14. Bd5+ Qxd5 15. Nxd5 Nxd2 16. Nxe7+ Kh8 17. Bxd2 Bh3 18. Rfd1 Rad8 19. Bb4 Rf7 20. Ne6 Rxd1+
21. Rxd1 h6 22. Rd8+ Kh7 23. f5 g6 24. fxg6#
1-0

[Event "KIA is it really a store?"]
[Site "SchemingMind.com"]
[Date "2005.07.13"]
[Round "-"]
[White "jiikoo"]
[Black "twotone"]
[Result "1-0"]
[WhiteCountry "FIN"]
[BlackCountry "ENG"]
[WhiteElo "1692"]
[WhiteRD "76"]
[BlackElo "1427"]
[BlackRD "71"]
[GameID "19557"]

1. Nf3 d5 2. g3 Nc6 3. d4 e6 4. Bg2 Nf6 5. Nc3 h6 6. O-O Bd6 7. b3 O-O 8. Bb2 e5 9. dxe5 Nxe5 10. Nxd5 Re8
11. Nxf6+ Qxf6 12. Nxe5 Bxe5 13. Bxe5 Rxe5 14. e4 b6 15. f4 Re7 16. e5 Qe6 17. Bxa8 c6 18. Qd6 Qd7 19. Bxc6 Qe6 20. Qxe6 Rxe6
21. Bd5 Re7 22. c4 Bf5 23. Rac1 Kh7 24. c5 bxc5 25. Rxc5 Bd3 26. Rfc1 a6 27. Rc7 Rxc7 28. Rxc7 Kg8 29. Rxf7 Kh7 30. e6 Bg6
31. Ra7 Bd3 32. e7 Bb5 33. Be4+ Kg8 34. Bg6 Kh8 35. Ra8+
1-0

[Event "KIA is it really a store?"]
[Site "SchemingMind.com"]
[Date "2005.07.13"]
[Round "-"]
[White "jiikoo"]
[Black "Aumonde"]
[Result "1/2-1/2"]
[WhiteCountry "FIN"]
[BlackCountry "USA"]
[WhiteElo "1792"]
[WhiteRD "74"]
[BlackElo "2122"]
[BlackRD "72"]
[GameID "19558"]

1. Nf3 d5 2. g3 c6 3. d4 Bf5 4. Bg2 e6 5. O-O Be7 6. Nc3 Nd7 7. Re1 Bb4 8. Bd2 Qb6 9. e3 Ngf6 10. a3 Be7
11. b3 O-O 12. Na4 Qc7 13. c4 dxc4 14. bxc4 c5 15. dxc5 Nxc5 16. Nxc5 Bxc5 17. Bc3 Rfd8 18. Qb3 Be4 19. Bxf6 gxf6 20. Red1 Qc6
21. Nd4 Bxd4 22. Bxe4 Qxe4 23. exd4 Rxd4 24. Rxd4 Qxd4 25. Rd1 Qe4 26. Rd7 b6 27. Qb4 Re8 28. Qb5 Qe1+ 29. Kg2 Rc8 30. Rxa7 Qe4+
31. Kg1 Qxc4 32. Qxb6 Qe2 33. Rc7 Rd8 34. Rc1 Rd3 35. Qa7 Kg7 36. a4 Qd2 37. Ra1 Qc3 38. Rb1 Qc6 39. Ra1 Rd5 40. Qe3 Ra5
41. Qf4 h5 42. Qb4 Qa6 43. h4 Qa8 44. Kh2 Rf5 45. Ra2 Qa7 46. Kg1 Rf3 47. Kg2 Qa8 48. Kh2 Rd3 49. Re2 Qa7 50. a5 Rd4
51. Qa3 Qb8 52. Rb2 Qe5 53. a6 Rd8 54. a7 Qd4 55. Ra2 Ra8 56. Kg2 e5 57. f3 Qb6 58. Qa6 Qb1 59. Qe2 Qb7 60. Qe3 Qb1
61. Qf2 Qb7 62. Qe3 Qb1 63. Qf2 Qb7 64. Qe3 Qb1 65. Qf2=
1/2-1/2

[Event "KIA is it really a store?"]
[Site "SchemingMind.com"]
[Date "2005.07.12"]
[Round "-"]
[White "twotone"]
[Black "jiikoo"]
[Result "0-1"]
[WhiteCountry "ENG"]
[BlackCountry "FIN"]
[WhiteElo "1427"]
[WhiteRD "71"]
[BlackElo "1692"]
[BlackRD "76"]
[GameID "19559"]

1. Nf3 d5 2. g3 Nf6 3. Bg2 e6 4. d4 c5 5. c3 Nc6 6. Bg5 h6 7. Bd2 cxd4 8. cxd4 Be7 9. O-O O-O 10. Nc3 Bd7
11. e3 Rc8 12. Rc1 a6 13. Re1 Bd6 14. e4 dxe4 15. Ne5 Nxe5 16. dxe5 Bxe5 17. Qb3 Bc6 18. Be3 Bxc3 19. Rxc3 Qe7 20. Bc5 Qc7
21. Rc2 Rfe8 22. Rd2 e3 23. Qxe3 Bxg2 24. Kxg2 Qxc5 25. Qf3 Red8 26. Rxd8+ Rxd8 27. Qxb7 Qd5+ 28. Qxd5 Rxd5 29. Re3 Rd2 30. Rb3 Ne4
31. Rb6 Rxf2+ 32. Kh3 Ng5+ 33. Kg4 g6 34. h3 f5+ 35. Kh4 Nf3#
0-1

[Event "KIA is it really a store?"]
[Site "SchemingMind.com"]
[Date "2005.07.12"]
[Round "-"]
[White "Aumonde"]
[Black "jiikoo"]
[Result "1-0"]
[WhiteCountry "USA"]
[BlackCountry "FIN"]
[WhiteElo "2144"]
[WhiteRD "76"]
[BlackElo "1798"]
[BlackRD "79"]
[GameID "19560"]

1. Nf3 d5 2. g3 Nf6 3. Bg2 e6 4. O-O c5 5. d3 Bd6 6. e4 dxe4 7. dxe4 e5 8. Na3 O-O 9. Nb5 Nxe4 10. Re1 a6
11. Nxd6 Nxd6 12. Nxe5 Ra7 13. Bg5 f6 14. Qd5+ Kh8 15. Rad1 fxg5 16. Qxc5 b6 17. Qxd6 Qf6 18. Qxb8 Qxf2+ 19. Kh1 Bb7 20. Qxb7 Rxb7
21. Bxb7 g6 22. Be4 Re8 23. Rf1 Qe3 24. Nf7+ Kg7 25. Bg2 Re7 26. Nd8 Qe2 27. Rd6 g4 28. Rxb6 Rd7 29. Ne6+ Kh6 30. Nf4 Qxc2
31. Rxa6 Qxb2 32. a4 Rd4 33. Nd5 Qe2 34. Raf6 Rd2 35. Nf4 Qc4 36. a5 Qc3 37. Ra6 Qd4 38. Rg1 Rd1 39. Ne2 Qc4 40. Rxd1 Qxa6
41. Nf4 Qxa5 42. Nd3 Qa7 43. Re1 Qd4 44. Be4 Kg7 45. Kg2 Qc4 46. Nf2 h5 47. Ra1 Qc8 48. Bd3 Qc6+ 49. Kf1 Qc5 50. Ra6 Kf8
51. Rxg6 Ke7 52. Rg7+ Ke6 53. Kg2 Qd5+ 54. Be4 Qe5 55. Rh7 Kf6 56. Rh6+ Kg7 57. Rg6+ Kf7 58. h3 gxh3+ 59. Kxh3 Qc5 60. Kg2 Qe5
61. Rb6 Qg5 62. Bf3 h4 63. Ne4 Qd8 64. Rf6+ Kg7 65. g4 Qd4 66. Kh3 Qg1 67. g5 Qc1 68. Kxh4 Qc4 69. Kh5 Qf1 70. Rg6+ Kh8
71. Kg4 Qc4 72. Kg3 Qc2 73. Rf6 Kg8 74. Nd6 Qd2 75. Kg4 Qd4+ 76. Kh5 Qd3 77. Bg4 Qh7+ 78. Rh6 Qb1 79. Be6+ Kf8 80. Bf5 Qd1+
81. Bg4 Qh1+ 82. Kg6 Qa1 83. Nf5 Kg8 84. Kh5 Qh1+ 85. Nh4 Qh2 86. Rc6 Kf8 87. Rc8+ Ke7 88. g6 Qa2 89. Nf5+ Kd7 90. Rc2 Qa8
91. Nh6+
1-0

[Event "KIA is it really a store?"]
[Site "SchemingMind.com"]
[Date "2005.07.13"]
[Round "-"]
[White "cnbcad"]
[Black "twotone"]
[Result "1-0"]
[WhiteCountry "USA"]
[BlackCountry "ENG"]
[WhiteElo "1425"]
[WhiteRD "52"]
[BlackElo "1427"]
[BlackRD "71"]
[GameID "19581"]

1. Nf3 d5 2. g3 e6 3. Bg2 Bc5 4. O-O Nf6 5. d4 Bb6 6. c3 O-O 7. b4 Bd7 8. a4 c6 9. Ba3 Re8 10. a5 Bc7
11. Ne5 Bc8 12. e3 Nbd7 13. Nf3 b6 14. Nbd2 bxa5 15. bxa5 Bxa5 16. Bb2 Rb8 17. Ba3 Bxc3 18. Rc1 Bxd2 19. Qxd2 Ba6 20. Rfe1 Rb6
21. Bc5 Rb7 22. Qa2 Nxc5 23. dxc5 Bc4 24. Qc2 Qe7 25. Ne5 Qxc5 26. Bf1 a5 27. Nxc4 dxc4 28. Bxc4 Rc8 29. Ba6 Qa7 30. Bxb7 Qxb7
31. e4 c5 32. e5 Nd7 33. Rb1 Nb6 34. Qb3 Rc6 35. Red1 c4 36. Rd8#
1-0

[Event "KIA is it really a store?"]
[Site "SchemingMind.com"]
[Date "2005.07.13"]
[Round "-"]
[White "cnbcad"]
[Black "jiikoo"]
[Result "0-1"]
[WhiteCountry "USA"]
[BlackCountry "FIN"]
[WhiteElo "1425"]
[WhiteRD "52"]
[BlackElo "1692"]
[BlackRD "76"]
[GameID "19582"]

1. Nf3 d5 2. g3 Nf6 3. Bg2 e6 4. O-O c5 5. c3 Nc6 6. b3 Be7 7. Qc2 O-O 8. Bb2 e5 9. c4 d4 10. e3 e4
11. Ng5 d3 12. Qd1 Bf5 13. Bxf6 Bxf6 14. Nxe4 Bxa1 15. Qf3 Bxe4 16. Qxe4 Re8 17. Qh4 Qxh4 18. gxh4 Bf6 19. a4 Bxh4 20. Nc3 Rab8
21. Nb5 a6 22. Nd6 Re6 23. Nf5 Bf6 24. Bd5 Re5 25. Nd6 Re7 26. Be4 Re6 27. Bxc6 bxc6 28. Nf5 Rxb3 29. Ng3 Rb4 30. Rc1 Rxa4
31. f4 Rxe3 32. Nf5 Re2 33. Rb1 Ra1 34. Ne7+ Kf8 35. Rxa1 Bxa1 36. Nxc6 Rxd2
0-1

[Event "KIA is it really a store?"]
[Site "SchemingMind.com"]
[Date "2005.07.13"]
[Round "-"]
[White "cnbcad"]
[Black "Aumonde"]
[Result "0-1"]
[WhiteCountry "USA"]
[BlackCountry "USA"]
[WhiteElo "1425"]
[WhiteRD "52"]
[BlackElo "2080"]
[BlackRD "75"]
[GameID "19583"]

1. Nf3 d5 2. g3 c5 3. Bg2 Nc6 4. O-O e5 5. d3 Be7 6. c4 d4 7. e4 Bg4 8. Qb3 Qd7 9. Nbd2 Rc8 10. Qc2 Nf6
11. Nb3 O-O 12. Nxc5 Bxc5 13. a3 a5 14. Bg5 Ne8 15. Qa4 Nd6 16. Bd2 f5 17. b4 fxe4 18. dxe4 Bxf3 19. Bxf3 Rxf3 20. bxc5 Nxe4
21. Bxa5 Qh3 22. Qc2 Nf6 23. Rfe1 Ng4
0-1

[Event "KIA is it really a store?"]
[Site "SchemingMind.com"]
[Date "2005.07.13"]
[Round "-"]
[White "twotone"]
[Black "cnbcad"]
[Result "1-0"]
[WhiteCountry "ENG"]
[BlackCountry "USA"]
[WhiteElo "1427"]
[WhiteRD "71"]
[BlackElo "1425"]
[BlackRD "52"]
[GameID "19584"]

1. Nf3 d5 2. g3 Nf6 3. d4 Nc6 4. Bg2 e6 5. Bd2 Bd6 6. O-O O-O 7. Bc3 Re8 8. Nbd2 b6 9. Re1 Bb7 10. Ng5 Ng4
11. Ngf3 e5 12. e4 exd4 13. Nxd4 Nce5 14. exd5 Qd7 15. Qe2 a5 16. h3 Nf6 17. Nb5 Bxd5 18. Bxd5 c6 19. Nxd6 Qxd6 20. Bb3 c5
21. a4 Nfd7 22. Bxe5 Nxe5 23. Ne4 Qd7 24. Rad1 Qc6 25. Rd6 Qb7 26. Bd5 Qe7 27. Rxb6 Rad8 28. c4 Qc7 29. Rb7 Qc8 30. f4 Rxd5
31. cxd5 Qxh3 32. Qg2 Qc8 33. Nd6 Nf3+ 34. Qxf3 Rxe1+ 35. Kf2
1-0

[Event "KIA is it really a store?"]
[Site "SchemingMind.com"]
[Date "2005.07.13"]
[Round "-"]
[White "jiikoo"]
[Black "cnbcad"]
[Result "1-0"]
[WhiteCountry "FIN"]
[BlackCountry "USA"]
[WhiteElo "1692"]
[WhiteRD "76"]
[BlackElo "1425"]
[BlackRD "52"]
[GameID "19585"]

1. Nf3 d5 2. g3 Nf6 3. d4 e6 4. Bg2 Nbd7 5. O-O a5 6. Nc3 Bb4 7. Bd2 O-O 8. a3 Bxc3 9. Bxc3 b6 10. e3 Ne4
11. Nd2 Ndf6 12. Nxe4 Nxe4 13. Bxe4 dxe4 14. Bd2 Ba6 15. Re1 c5 16. dxc5 bxc5 17. Bc3 Qg5 18. Bxa5 c4 19. Bb4 Rfb8 20. c3 Rd8
21. Qc2 Qf5 22. Rad1 Rdb8 23. Rd7 e5 24. Red1 Bb5 25. Re7 Ba4 26. Qb1 Bxd1 27. Qxd1 Rd8 28. Qe2 Rd3 29. g4 Qg5 30. h4 Qxh4
31. Rxe5 Qf6 32. Rxe4 Rad8 33. Rd4 h6 34. a4 R3xd4 35. exd4 Qh4 36. a5 f5 37. Be7 Qh3 38. Bxd8 fxg4 39. Qe6+ Kh7 40. Qf5+ Kh8
41. a6 Qd3 42. Qxd3 cxd3 43. Kf1
1-0

[Event "KIA is it really a store?"]
[Site "SchemingMind.com"]
[Date "2005.07.13"]
[Round "-"]
[White "Aumonde"]
[Black "cnbcad"]
[Result "1-0"]
[WhiteCountry "USA"]
[BlackCountry "USA"]
[WhiteElo "2080"]
[WhiteRD "75"]
[BlackElo "1425"]
[BlackRD "52"]
[GameID "19586"]

1. Nf3 d5 2. g3 Nf6 3. Bg2 e6 4. O-O Nbd7 5. d4 c5 6. Nc3 c4 7. e4 dxe4 8. Nd2 Bb4 9. Ncxe4 Bxd2 10. Nd6+ Ke7
11. Qxd2 Nb6 12. Nxb7 Bxb7 13. Bxb7 Rb8 14. Qb4+ Ke8 15. Bc6+ Nfd7 16. Bf4 Rc8 17. Bb7 Nd5 18. Bxd5 exd5 19. Rae1+ Ne5 20. Rxe5+ Kd7
21. Qb7+ Rc7 22. Rxd5+
1-0

[Event "KIA is it really a store?"]
[Site "SchemingMind.com"]
[Date "2005.07.21"]
[Round "-"]
[White "Chess Tiger"]
[Black "cnbcad"]
[Result "1-0"]
[WhiteCountry "GER"]
[BlackCountry "USA"]
[WhiteElo "2104"]
[WhiteRD "81"]
[BlackElo "1425"]
[BlackRD "52"]
[GameID "20253"]

1. Nf3 d5 2. g3 Nc6 3. d4 e6 4. Bg2 Nge7 5. O-O Nf5 6. c3 Bd6 7. Nbd2 O-O 8. e4 dxe4 9. Nxe4 Re8 10. Re1 e5
11. dxe5 Nxe5 12. Nxe5 Bxe5 13. Qxd8 Rxd8 14. Nc5 Re8 15. Bf4 f6 16. Bxe5 fxe5 17. f4 b6 18. Bxa8 bxc5 19. Rad1 Ne7 20. Rxe5 Bg4
21. Bd5+ Kf8 22. Rde1 h5 23. Bb3 Bd7 24. Rxc5 g6 25. Rxc7 Rd8 26. Rd1 Ke8 27. Rdxd7 Rxd7 28. Ba4
1-0

[Event "KIA is it really a store?"]
[Site "SchemingMind.com"]
[Date "2005.07.21"]
[Round "-"]
[White "Chess Tiger"]
[Black "twotone"]
[Result "1-0"]
[WhiteCountry "GER"]
[BlackCountry "ENG"]
[WhiteElo "2104"]
[WhiteRD "81"]
[BlackElo "1427"]
[BlackRD "71"]
[GameID "20254"]

1. Nf3 d5 2. g3 Nc6 3. d4 f6 4. c4 e6 5. cxd5 Qxd5 6. Nc3 Qf5 7. e4 Qg6 8. d5 exd5 9. exd5 Ne5 10. Bf4 Bd6
11. Nxe5 fxe5 12. Bxe5 Bxe5 13. Qe2 Kd8 14. Qxe5 Bd7 15. O-O-O Nf6 16. d6 c6 17. Bd3 Qf7 18. f4 Re8 19. Qa5+ b6 20. Qa6 Re6
21. Qb7 Rc8 22. Qxa7 Nd5 23. Ba6 Be8 24. Qxf7 Bxf7 25. Nxd5 Ra8 26. Nc7 Rxa6 27. Nxa6 Kd7 28. Nb8+ Kd8 29. Nxc6+ Kd7 30. Ne5+ Ke8
31. d7+
1-0

[Event "KIA is it really a store?"]
[Site "SchemingMind.com"]
[Date "2005.07.22"]
[Round "-"]
[White "Chess Tiger"]
[Black "jiikoo"]
[Result "1-0"]
[WhiteCountry "GER"]
[BlackCountry "FIN"]
[WhiteElo "2104"]
[WhiteRD "81"]
[BlackElo "1692"]
[BlackRD "76"]
[GameID "20255"]

1. Nf3 d5 2. g3 Nf6 3. Bg2 e6 4. O-O c5 5. d3 Nc6 6. Nbd2 e5 7. e4 d4 8. Nc4 Bd6 9. a4 O-O 10. h3 Be6
11. Nxd6 Qxd6 12. Ng5 h6 13. Nxe6 Qxe6 14. Bd2 a6 15. a5 Nd7 16. f4 exf4 17. gxf4 f5 18. Qf3 Rae8 19. Rae1 b5 20. exf5 Qxf5
21. Qxc6 Rxe1 22. Rxe1 Nb8 23. Qd6 Kh8 24. Re5 Qf6 25. Qxf6 gxf6 26. Rxc5 Kg7 27. f5 Re8 28. Rc7+ Kh8 29. Bxh6 Re1+ 30. Kh2
1-0

[Event "KIA is it really a store?"]
[Site "SchemingMind.com"]
[Date "2005.07.21"]
[Round "-"]
[White "Chess Tiger"]
[Black "Aumonde"]
[Result "0-1"]
[WhiteCountry "GER"]
[BlackCountry "USA"]
[WhiteElo "2104"]
[WhiteRD "81"]
[BlackElo "2080"]
[BlackRD "75"]
[GameID "20256"]

1. Nf3 d5 2. g3 Nf6 3. Bg2 c6 4. O-O Bg4 5. d3 Nbd7 6. Nbd2 e5 7. e4 dxe4 8. dxe4 Qc7 9. h3 Bh5 10. Qe1 Bb4
11. a3 Bxf3 12. Bxf3 Be7 13. Nc4 O-O 14. Ne3 Rfd8 15. Nf5 Nc5 16. b4 Ne6 17. c3 a5 18. Be3 c5 19. Rb1 axb4 20. axb4 Bf8
21. Qc1 g6 22. Nh6+ Bxh6 23. Bxh6 cxb4 24. cxb4 Qxc1
0-1

[Event "KIA is it really a store?"]
[Site "SchemingMind.com"]
[Date "2005.07.21"]
[Round "-"]
[White "cnbcad"]
[Black "Chess Tiger"]
[Result "0-1"]
[WhiteCountry "USA"]
[BlackCountry "GER"]
[WhiteElo "1425"]
[WhiteRD "52"]
[BlackElo "2104"]
[BlackRD "81"]
[GameID "20257"]

1. Nf3 d5 2. g3 Nf6 3. Bg2 c6 4. O-O Bg4 5. d4 Nbd7 6. c3 e6 7. Ne5 Nxe5 8. dxe5 Nd7 9. Qd4 Bxe2 10. Re1 Ba6
11. Bf4 Bc5 12. Qd2 O-O 13. b4 Be7 14. Na3 b6 15. Qd4 c5 16. bxc5 Nxc5 17. Be3 Nd3 18. Red1 Nb2 19. Rd2 Bxa3 20. Qg4 Kh8
21. Bg5 Qc7 22. Qd4 Nc4 23. Rdd1 Bc5 24. Qf4 Nxe5 25. h4 f6 26. Qa4 Bxf2+ 27. Kxf2 fxg5+ 28. Kg1 Nf3+ 29. Bxf3 Qxg3+ 30. Bg2 Rf2
0-1

[Event "KIA is it really a store?"]
[Site "SchemingMind.com"]
[Date "2005.07.21"]
[Round "-"]
[White "twotone"]
[Black "Chess Tiger"]
[Result "0-1"]
[WhiteCountry "ENG"]
[BlackCountry "GER"]
[WhiteElo "1427"]
[WhiteRD "71"]
[BlackElo "2104"]
[BlackRD "81"]
[GameID "20258"]

1. Nf3 d5 2. g3 Bg4 3. Bg2 c6 4. d4 Nd7 5. O-O e6 6. Bd2 Bd6 7. Re1 Ngf6 8. c3 O-O 9. Qb3 Qc7 10. c4 dxc4
11. Qxc4 Bxf3 12. Bxf3 e5 13. d5 cxd5 14. Bxd5 Bc5 15. e3 Nb6 16. Qb3 Nbxd5 17. Bc3 Rad8 18. Nd2 Nxc3 19. Qxc3 Qe7 20. Nb3 Bb4
21. Qc4 Bxe1 22. Rxe1 Rc8 23. Qe2 Qb4 24. Rd1 Rfd8 25. Kg2 Rxd1 26. Qxd1 Qe4+ 27. Kh3 g5 28. g4 h5 29. gxh5 g4+ 30. Kh4 Qg2
31. h6 Qxf2+ 32. Kg5 Kh8 33. h7 Nxh7+ 34. Kxg4 Rg8+ 35. Kh3 Qg2+ 36. Kh4 Qxh2#
0-1

[Event "KIA is it really a store?"]
[Site "SchemingMind.com"]
[Date "2005.07.21"]
[Round "-"]
[White "jiikoo"]
[Black "Chess Tiger"]
[Result "1-0"]
[WhiteCountry "FIN"]
[BlackCountry "GER"]
[WhiteElo "1635"]
[WhiteRD "79"]
[BlackElo "2173"]
[BlackRD "87"]
[GameID "20259"]

1. Nf3 d5 2. g3 Nf6 3. d4 Bf5 4. Bg2 c6 5. O-O e6 6. Nc3 h6 7. e3 Nbd7 8. b3 Bd6 9. Bb2 O-O 10. Ne2 b5
11. a4 b4 12. c4 bxc3 13. Nxc3 Rb8 14. Ba3 Bxa3 15. Rxa3 a5 16. Re1 Qb6 17. Bf1 Bg4 18. h3 Bxf3 19. Qxf3 Qb4 20. Raa1 Qxc3
21. Rec1 Qxb3 22. Rxc6 Rfc8 23. Rxc8+ Rxc8 24. Qd1 Ne4 25. Qxb3
1-0

[Event "KIA is it really a store?"]
[Site "SchemingMind.com"]
[Date "2005.07.21"]
[Round "-"]
[White "Aumonde"]
[Black "Chess Tiger"]
[Result "1-0"]
[WhiteCountry "USA"]
[BlackCountry "GER"]
[WhiteElo "2080"]
[WhiteRD "75"]
[BlackElo "2104"]
[BlackRD "81"]
[GameID "20260"]

1. Nf3 d5 2. g3 Nf6 3. d4 Bf5 4. Bg2 e6 5. O-O Be7 6. Ne5 Nbd7 7. f3 Nxe5 8. dxe5 Nd7 9. e4 dxe4 10. fxe4 Bg6
11. Qe2 c6 12. Be3 Nxe5 13. Nd2 O-O 14. Rad1 Qc7 15. Nc4 Rad8 16. Bf4 Bf6 17. c3 b5 18. Nxe5 Bxe5 19. Be3 f6 20. Bc5 Rfe8
21. Rfe1 a5 22. Qf2 Rxd1 23. Rxd1 Rd8 24. Rd2 Rd7 25. Bh3
1-0

[Event "KIA is it really a store?"]
[Site "SchemingMind.com"]
[Date "2005.07.22"]
[Round "-"]
[White "rabbit"]
[Black "cnbcad"]
[Result "1-0"]
[WhiteCountry "USA"]
[BlackCountry "USA"]
[WhiteElo "1884"]
[WhiteRD "79"]
[BlackElo "1465"]
[BlackRD "53"]
[GameID "20349"]

1. Nf3 d5 2. g3 Bg4 3. Bg2 e5 4. Nxe5 Bh5 5. d4 Nc6 6. Nxc6 bxc6 7. O-O Nf6 8. c4 Be7 9. Nc3 O-O 10. Qa4 Qd6
11. Bf4 Qe6 12. Bxc7 Rac8 13. Qxa7 Qd7 14. Bb6 Qe6 15. Bc5 Bxc5 16. Qxc5 Bg4 17. b3 Bh3 18. Bxh3 Qxh3 19. f3 Qe6 20. e4 h6
21. Rae1 Nd7 22. exd5 Qf6 23. Qe7 Qxd4+ 24. Qe3 Qxe3+ 25. Rxe3 cxd5 26. Nxd5 Rcd8 27. b4 Ra8 28. Rd1 Kh7 29. Nc7 Nb6 30. Nxa8 Rxa8
31. c5 Nc4 32. Rc3 Nb2 33. Rb1 Na4 34. Ra3 Kg8 35. b5 Kf8 36. Rxa4 Rxa4 37. b6 Ke8 38. b7
1-0

[Event "KIA is it really a store?"]
[Site "SchemingMind.com"]
[Date "2005.07.24"]
[Round "-"]
[White "rabbit"]
[Black "twotone"]
[Result "1-0"]
[WhiteCountry "USA"]
[BlackCountry "ENG"]
[WhiteElo "1900"]
[WhiteRD "77"]
[BlackElo "1427"]
[BlackRD "71"]
[GameID "20350"]

1. Nf3 d5 2. g3 Nc6 3. d4 Bg4 4. Bg2 Nf6 5. Ne5 Nxe5 6. dxe5 Nh5 7. h3 Be6 8. g4 Nf6 9. exf6 gxf6 10. c4 c6
11. cxd5 cxd5 12. Nc3 Bg7 13. Bxd5 Bxd5 14. Qxd5 Qxd5 15. Nxd5 h5 16. Nc7+ Kd7 17. Nxa8 Rxa8 18. gxh5 Rh8 19. Be3 a6 20. O-O-O+ Kc6
21. Rd3 b5 22. Rc3+ Kb7 23. Rd1 Rc8 24. Rd7+ Kb8 25. Ba7+
1-0

[Event "KIA is it really a store?"]
[Site "SchemingMind.com"]
[Date "2005.07.22"]
[Round "-"]
[White "rabbit"]
[Black "jiikoo"]
[Result "1-0"]
[WhiteCountry "USA"]
[BlackCountry "FIN"]
[WhiteElo "1884"]
[WhiteRD "79"]
[BlackElo "1792"]
[BlackRD "74"]
[GameID "20351"]

1. Nf3 d5 2. g3 Nf6 3. Bg2 e6 4. d4 c5 5. c4 cxd4 6. cxd5 Nxd5 7. O-O Bc5 8. Nxd4 O-O 9. e4 Bxd4 10. Qxd4 Nc6
11. Qd1 Ndb4 12. Nc3 b6 13. Qa4 Bb7 14. Rd1 Qe7 15. a3 Na6 16. Be3 Rfd8 17. Qb5 Rac8 18. Rac1 Nc5 19. e5 Rxd1+ 20. Rxd1 Nb8
21. Bxc5 Rxc5 22. Qa4 Ba6 23. Bf1 Ra5 24. Qb4 Qe8 25. Bxa6 Rxa6 26. Nb5 Ra5 27. Nc7 Qc8 28. Qd6 g5 29. Qd8+ Qxd8 30. Rxd8+ Kg7
31. Rxb8 Rxe5 32. Rb7 Re1+ 33. Kg2 a5 34. Ne8+ Kg6 35. Nd6 Re5 36. Rxb6 Rd5 37. a4 g4 38. Nc4 Kf6 39. Ra6 Rd4 40. b3 Rd8
41. Rxa5 Rb8 42. Rb5 Rxb5 43. axb5 Ke7 44. b6 Kd8 45. Nd6 f5 46. f4 Kd7 47. b7 Kc7 48. Kf2 Kb8 49. Ke3 Kc7 50. Kd4
1-0

[Event "KIA is it really a store?"]
[Site "SchemingMind.com"]
[Date "2005.07.22"]
[Round "-"]
[White "rabbit"]
[Black "Chess Tiger"]
[Result "0-1"]
[WhiteCountry "USA"]
[BlackCountry "GER"]
[WhiteElo "1918"]
[WhiteRD "74"]
[BlackElo "2145"]
[BlackRD "78"]
[GameID "20352"]

1. Nf3 d5 2. g3 c5 3. Bg2 Nc6 4. O-O Nf6 5. d4 e6 6. Nc3 Be7 7. Bf4 O-O 8. dxc5 Bxc5 9. a3 Re8 10. b4 Bd6
11. e3 Bxf4 12. exf4 Bd7 13. Qd3 Rc8 14. Nd1 b5 15. Ne3 Qb6 16. Rfd1 Ne4 17. Rab1 Red8 18. Rb3 f6 19. f5 Kh8 20. fxe6 Bxe6
21. Rb2 Rc7 22. c3 Nxc3 23. Qxc3 d4 24. Qe1 dxe3 25. Rxd8+ Nxd8 26. fxe3 Bc4 27. Rd2 Nf7 28. Rd1 Re7 29. Nd4 Re8 30. Qc3 Ne5
31. h3 Qb8 32. Nf5 Be6 33. Nd4 Rc8 34. Qd2 Bd7 35. Kh2 Nc4 36. Qc3 Qe5 37. Re1 h5 38. h4 g5 39. hxg5 h4 40. Ne2 hxg3+
41. Kg1 Qxg5 42. Nf4 Qh6 43. Qd4 Ne5 44. Kf1 Bg4 45. Ra1 Nf3 46. Qb2 Rd8 47. Qc3 Rd2 48. Bxf3 Rf2+ 49. Ke1 Rxf3 50. Kd2 Rf2+
51. Kd3 Qh7+ 52. Kd4 Qd7+ 53. Nd5 Be6 54. e4 Bxd5 55. Rh1+ Rh2
0-1

[Event "KIA is it really a store?"]
[Site "SchemingMind.com"]
[Date "2005.07.23"]
[Round "-"]
[White "rabbit"]
[Black "Aumonde"]
[Result "0-1"]
[WhiteCountry "USA"]
[BlackCountry "USA"]
[WhiteElo "1884"]
[WhiteRD "79"]
[BlackElo "2122"]
[BlackRD "72"]
[GameID "20353"]

1. Nf3 d5 2. g3 Nf6 3. Bg2 c6 4. O-O Bg4 5. c4 e6 6. b3 Nbd7 7. Bb2 Bd6 8. d3 O-O 9. Nbd2 e5 10. cxd5 cxd5
11. h3 Bxf3 12. Bxf3 Re8 13. Bg2 Qe7 14. a3 a5 15. e4 dxe4 16. dxe4 Nb6 17. Nf3 a4 18. Nh4 Red8 19. Nf5 Qe6 20. bxa4 Nxa4
21. Qe2 Bc5 22. Rac1 Nd7 23. Ba1 Bxa3 24. Rc7 Bf8 25. Rxb7 Nac5 26. Rbb1 Nf6 27. Rbd1 Rdc8 28. Rfe1 Ra2 29. Qe3 Ra4 30. f3 Nb3
31. Qg5 Ne8 32. Bb2 Rc2 33. Bxe5 Raa2 34. Bf1 f6 35. Bxf6 Qxf6 36. Qxf6 gxf6 37. Ne3 Bc5 38. Rd3 Rab2 39. f4 Nd4 40. Bg2 Rxg2+
41. Nxg2 Nf3+
0-1

[Event "KIA is it really a store?"]
[Site "SchemingMind.com"]
[Date "2005.07.22"]
[Round "-"]
[White "cnbcad"]
[Black "rabbit"]
[Result "0-1"]
[WhiteCountry "USA"]
[BlackCountry "USA"]
[WhiteElo "1425"]
[WhiteRD "52"]
[BlackElo "1900"]
[BlackRD "77"]
[GameID "20354"]

1. Nf3 d5 2. g3 Nf6 3. Bg2 c6 4. O-O Bg4 5. c3 e6 6. d4 Bd6 7. Qb3 Qc7 8. Bg5 Nbd7 9. Nbd2 h6 10. Bxf6 Nxf6
11. c4 O-O 12. cxd5 exd5 13. h3 Bf5 14. e3 Rfe8 15. Nh4 Bh7 16. Ndf3 g5 17. Nf5 Bxf5 18. Qc3 Ne4 19. Qe1 Qb6 20. b3 Qb5
21. Ne5 Bxe5 22. dxe5 Rxe5 23. g4 Bh7 24. Qd1 Nc3 25. Qf3 Qb4 26. Qf6 Re6 27. Qf3 Be4 28. Qg3 Ne2+
0-1

[Event "KIA is it really a store?"]
[Site "SchemingMind.com"]
[Date "2005.07.22"]
[Round "-"]
[White "twotone"]
[Black "rabbit"]
[Result "0-1"]
[WhiteCountry "ENG"]
[BlackCountry "USA"]
[WhiteElo "1427"]
[WhiteRD "71"]
[BlackElo "1900"]
[BlackRD "77"]
[GameID "20355"]

1. Nf3 d5 2. g3 Nf6 3. Bg2 c6 4. d4 Bg4 5. Ne5 Bh5 6. O-O Nbd7 7. Bf4 Nxe5 8. Bxe5 e6 9. Nc3 Be7 10. f3 O-O
11. Qd2 Nd7 12. Qf4 Bg5 13. Bf6 Bxf4 14. Bxd8 Be3+ 15. Kh1 Raxd8 16. Rad1 Bg6 17. f4 Bxc2 18. Rc1 Bxc1 19. Rxc1 Bg6 20. e4 dxe4
21. Nxe4 Bxe4 22. Bxe4 Nf6 23. Bf3 Rxd4 24. a3 Rfd8 25. h4 Rd2 26. Kg1 Rxb2 27. Kf1 Rd3 28. Be2 Rxg3 29. Rd1 Nd5 30. Kf2 Rh3
31. h5 Rh2+
0-1